000 00333nam a2200133Ia 4500
008 240624s9999 xx 000 0 und d
041 _aeng
082 _a339 RAO
100 _aRAO S L
245 _aPOWERING INDIA A DECADE OF POLICIES AND
260 _c2011
_aNew Delhi
_bAcademic Foundation
300 _a312 : p.
365 _cRS
_b25
999 _c19290
_d19290